Pet Parrot Species by Picture - Statistics

General Stats
  • This quiz has been taken 39 times
  • The average score is 10 of 19
Answer Stats
Picture Answer % Correct
Budgie
95%
Cockatiel
78%
Cockatoo
73%
Lovebird
73%
African grey parrot
70%
Scarlet macaw
70%
Blue and yellow macaw
59%
Hyacinth macaw
59%
Sun conure
57%
Rainbow lorikeet
54%
Amazon parrot
49%
Eclectus parrot
49%
Indian ring-necked parakeet
49%
Parrotlet
49%
Quaker parrot
49%
Caique
43%
Green cheeked conure
35%
Barred parakeet
19%
Pionus parrot
16%
No matching quizzes found
Score Distribution
Percent of People with Each Score
Percentile by Number Answered
Your Score History
You have not taken this quiz